| 000 | 00427 a2200157 4500 | ||
|---|---|---|---|
| 001 | 61929 | ||
| 020 | _a9788575962107 | ||
| 040 | _cAnchieta - Pituba | ||
| 100 | _aBorges, Renata | ||
| 240 | 1 | 0 |
_aUm pequeno tratado de brinquedos para meninos quietos da cidade _lpor |
| 245 | 1 | 0 | _aUm pequeno tratado de brinquedos para meninos quietos da cidade |
| 300 | _a93 | ||
| 362 | 0 | _a2011 | |
| 650 | 4 | _aLiteratura juvenil | |
| 942 | _cBK | ||
| 999 |
_c61929 _d61929 |
||